000 00633nam a22002052 4500
001 0000011785
005 20151217155847.0
008 090108s xx 000 0 eng d
040 _aKABU
_cKABU
100 1 _aBedford, F. J.
_@0000167793
245 1 4 _aThe Bible in East Africa /
_cF. J. Bedford.
250 _a1st ed.
260 _aLondon :
_bBritish and Foreign Bible Society,
_c1954.
300 _a61 p.
650 0 _aBible
_xPublication and distribution.
_@0000167794
650 0 _aMissions
_zAfrica, East.
_@0000150389
852 1 _9p100 KES
908 _a090108
950 _@1
999 _c13394
_d13394